00594nam a22002177a 4500003000500000005001700005008004100022010001000063011001000073020001500083035001100098040000900109082001300118100002300131245011400154250000900268260003800277300002000315650001900335700002200354CHAP20220329143458.0091218s1991 us a r 00010 eng d a97254 a98226 a0673534898 a108910 cCHAP04a510bM6100aMiller, Charles D.10aBasic college mathematics :ba text workbookc/por Charles D. Miller, Stanley A. Salzman and Margaret L. Lial a3 ed aNew York :bHarper Collins,c1991 a740 p. :bilus.14aMatemáticas.0 aLial, Margaret L.